000 00195 a2200097 4500
020 _a9788488061140
041 _aspa
100 _aHoffman, Ginette
245 _aLa epoca de los incas
942 _cBK
999 _c31489
_d31487